XXIV Congreso Argentino de la Ciencia del Suelo II Reunión Nacional "Materia orgánica y sustancias húmicas" /
Guardado en:
| Autores Corporativos: | , |
|---|---|
| Formato: | Electrónico |
| Idioma: | Spanish |
| Publicado: |
Buenos Aires :
AACS,
2014.
|
| Etiquetas: |
Agregar Etiqueta
Sin Etiquetas, Sea el primero en etiquetar este registro!
|
| LEADER | 00729nmm a22001575a 4500 | ||
|---|---|---|---|
| 001 | EEA.libagro010348 | ||
| 005 | 20181011090015.0 | ||
| 008 | 150325s2014####ag#########m########spa#d | ||
| 082 | 0 | 4 | |a 631.4 |
| 111 | 2 | |a Congreso Argentino de la Ciencia del Suelo |n (24 : |d 5 al 9 de mayo de 2014 : |c Bahía Blanca) | |
| 245 | 1 | 0 | |a XXIV Congreso Argentino de la Ciencia del Suelo |h [recurso electrónico] : |b II Reunión Nacional "Materia orgánica y sustancias húmicas" / |c Asociación Argentina de la Ciencia del Suelo. |
| 260 | |a Buenos Aires : |b AACS, |c 2014. | ||
| 300 | |a 1 CD-ROM. | ||
| 500 | |a Producción sustentable en ambientes frágiles. | ||
| 710 | 2 | |a Universidad Nacional del Sur. | |
| 859 | |a AR-BbBCA |b BIB. AGRONOMIA |h 631.4 |i C749 24 2014 cd |p 2015/6493 | ||
